| 000 | 00885cab a2200229 4500 | ||
|---|---|---|---|
| 001 | WB3213-46 | ||
| 008 | 090401t1996 xxu||||| |||| 00| 0 eng d | ||
| 035 | _a(Sirsi) u60753 | ||
| 041 | _aeng | ||
| 245 | _aLandlord and tenant - assignment | ||
| 260 | _c1996 | ||
| 350 | _a0 | ||
| 490 |
_aEstates Gazette Case Summaries _v[1996] EGCS 49, (1) (23/3/96) |
||
| 520 | _a"March Estates plc v Gunmark Ltd" ChD 14 March 1996. M issued proceedings against G for rent arrears. A question arose as the effect of a company voluntary arrangement by E (who had been given licence by M) on the liability of G. M entitled to summary judgment. | ||
| 650 | _aASSIGNMENT | ||
| 650 | _aCOMPANY VOLUNTARY ARRANGEMENTS | ||
| 650 | _aMARCH ESTATES PLC V GUNMARK LTD | ||
| 650 | _aRENT ARREARS | ||
| 690 | _aLANDLORD AND TENANT-CASE LAW-BUSINESS TENANCIES | ||
| 942 | _n0 | ||
| 948 | _c04/03/1997 | ||
| 999 |
_c37542 _d37542 |
||